La vie (notice n° 1513505)
[ vue normale ]
| 000 -LEADER | |
|---|---|
| fixed length control field | 00833cam a2200133 4500500 |
| 005 - DATE AND TIME OF LATEST TRANSACTION | |
| control field | 20251012003851.0 |
| 041 ## - LANGUAGE CODE | |
| Language code of text/sound track or separate title | fre |
| 042 ## - AUTHENTICATION CODE | |
| Authentication code | dc |
| 100 10 - MAIN ENTRY--PERSONAL NAME | |
| Personal name | Michaud, Yves |
| Relator term | author |
| 245 00 - TITLE STATEMENT | |
| Title | La vie |
| 260 ## - PUBLICATION, DISTRIBUTION, ETC. | |
| Name of publisher, distributor, etc. | Odile Jacob,<br/> |
| Date of publication, distribution, etc. | 2002.<br/> |
| 520 ## - SUMMARY, ETC. | |
| Summary, etc. | Les grandes questions que pose la vie : le problème de sa définition, les théories de l’évolution, la génétique, les maladies et les thérapies. L’Université de tous les savoirs : une approche contemporaine des différents domaines de la connaissance dans un esprit qui est à la fois celui du bilan encyclopédique et celui du questionnement d’avenir. Contributions, notamment, d’Antoine Danchin, Jean Gayon, Louis-Marie Houdebine, François Jacob, André Langaney. |
| 856 41 - ELECTRONIC LOCATION AND ACCESS | |
| Uniform Resource Identifier | <a href="https://shs.cairn.info/la-vie--9782738111227?lang=fr&redirect-ssocas=7080">https://shs.cairn.info/la-vie--9782738111227?lang=fr&redirect-ssocas=7080</a> |
Pas d'exemplaire disponible.




Réseaux sociaux